000 00327 a2200133 4500
000 nam a22 7a 4500
100 _aSharma, Shweta
110 _aSharma, Shweta
245 _aMedieval Indian History
250 _aLatest edition
260 _bRBSA Publication
_c2026
264 _bRBSA Publication
_c2026
942 _cBK
999 _c394768
_d394768